О целесообразности регенерации платиновых катализаторов дегидрирования; Проблемы геологии и освоения недр; Т. 2

Bibliographische Detailangaben
Parent link:Проблемы геологии и освоения недр: труды XVI Международного симпозиума имени академика М. А. Усова студентов и молодых ученых, Томск, 2-7 апреля 2012 г./ Национальный исследовательский Томский политехнический университет (ТПУ), Институт природных ресурсов (ИПР) ; Общество инженеров-нефтяников, Студенческий чаптер ; под ред. О. Г. Савичева.— , 2012
Т. 2.— 2012.— [С. 246-248]
1. Verfasser: Романовский Р. В. Ростислав Владимирович
Weitere Verfasser: Ивашкина Е. Н. Елена Николаевна (научный руководитель), Иванов С. Ю. Станислав Юрьевич, Иванчина Э. Д. Эмилия Дмитриевна
Zusammenfassung:Заглавие с титульного листа
Sprache:Russisch
Veröffentlicht: 2012
Schriftenreihe:Современные технологии подготовки освоения и переработки минерального и углеводородного сырья
Schlagworte:
Online-Zugang:http://www.lib.tpu.ru/fulltext/c/2012/C11/V2/103.pdf
Format: MixedMaterials Elektronisch Buchkapitel
KOHA link:https://koha.lib.tpu.ru/cgi-bin/koha/opac-detail.pl?biblionumber=233645

MARC

LEADER 00000naa2a2200000 4500
001 233645
005 20260116092011.0
035 |a (RuTPU)RU\TPU\book\254724 
035 |a RU\TPU\book\254654 
090 |a 233645 
100 |a 20130306d2012 k y0rusy50 ca 
101 0 |a rus 
102 |a RU 
135 |a drcn ---uucaa 
181 0 |a i  
182 0 |a b 
200 1 |a О целесообразности регенерации платиновых катализаторов дегидрирования  |f Р. В. Романовский, Е. Н. Ивашкина, С. Ю. Иванов  |g науч. рук. Э. Д. Иванчина 
203 |a Текст  |c электронный 
215 |a 1 файл (384 Кб) 
225 1 |a Современные технологии подготовки освоения и переработки минерального и углеводородного сырья 
300 |a Заглавие с титульного листа 
320 |a [Библиогр.: с. 248 (5 назв.)] 
337 |a Adobe Reader 
461 1 |0 (RuTPU)RU\TPU\book\252494  |t Проблемы геологии и освоения недр  |o труды XVI Международного симпозиума имени академика М. А. Усова студентов и молодых ученых, Томск, 2-7 апреля 2012 г.  |o в 2 т.  |f Национальный исследовательский Томский политехнический университет (ТПУ), Институт природных ресурсов (ИПР) ; Общество инженеров-нефтяников, Студенческий чаптер ; под ред. О. Г. Савичева  |d 2012 
463 1 |0 (RuTPU)RU\TPU\book\252518  |t Т. 2  |v [С. 246-248]  |d 2012 
610 1 |a труды учёных ТПУ 
610 1 |a электронный ресурс 
610 1 |a целесообразность 
610 1 |a регенерация катализаторов 
610 1 |a платиновые катализаторы 
610 1 |a дегидрирование 
700 1 |a Романовский  |b Р. В.  |c химик-технолог  |c инженер Томского политехнического университета  |f 1987-  |g Ростислав Владимирович  |3 (RuTPU)RU\TPU\pers\28916 
701 1 |a Ивашкина  |b Е. Н.  |c химик-технолог  |c профессор Томского политехнического университета, доктор технических наук  |f 1983-  |g Елена Николаевна  |3 (RuTPU)RU\TPU\pers\24965  |9 11119 
701 1 |a Иванов  |b С. Ю.  |c специалист в области химической технологии топлива  |c магистрант Томского политехнического университета  |f 1989-  |g Станислав Юрьевич  |3 (RuTPU)RU\TPU\pers\28908 
702 1 |a Иванчина  |b Э. Д.  |c химик  |c профессор Томского политехнического университета, доктор технических наук  |f 1951-  |g Эмилия Дмитриевна  |4 727 
801 1 |a RU  |b 63413507  |c 20130205 
801 2 |a RU  |b 63413507  |c 20140524  |g RCR 
856 4 |u http://www.lib.tpu.ru/fulltext/c/2012/C11/V2/103.pdf 
942 |c CF